| 000 | 00384nam a2200121Ia 4500 | ||
|---|---|---|---|
| 008 | 220204s9999 xx 000 0 und d | ||
| 082 |
_a556.51:65(035) _bDES |
||
| 100 | _aArora, S K | ||
| 245 | 0 | _aTrainers manual for participatory management of watershed projects | |
| 260 |
_aHyderabad _bNational Institute of Agricultural Extension Management |
||
| 700 | _aDesai, G R | ||
| 942 | _cBK | ||
| 999 |
_c41724 _d41724 |
||